Prepotency in rubber. 2. Seedling progeny analysis for yield and certain yield attributes (Record no. 49232)

MARC details
000 -LEADER
fixed length control field 00615nam a2200217Ia 4500
100 ## - MAIN ENTRY--AUTHOR NAME
Personal name Mydin K.K.
245 #0 - TITLE STATEMENT
Title Prepotency in rubber. 2. Seedling progeny analysis for yield and certain yield attributes
260 ## - PUBLICATION, DISTRIBUTION, ETC. (IMPRINT)
Name of publisher Indian Journal of Natural Rubber Research
Year of publication 1996
300 ## - PHYSICAL DESCRIPTION
Number of Pages 63-66
650 ## - SUBJECT ADDED ENTRY--TOPICAL TERM
Topical Term Juvenile yield
650 ## - SUBJECT ADDED ENTRY--TOPICAL TERM
Topical Term Prepotency
650 ## - SUBJECT ADDED ENTRY--TOPICAL TERM
Topical Term Progeny analysis
650 ## - SUBJECT ADDED ENTRY--TOPICAL TERM
Topical Term Yield attribute
700 ## - ADDED ENTRY--PERSONAL NAME
Personal name Nair V.G.
700 ## - ADDED ENTRY--PERSONAL NAME
Personal name Nazeer M.A.
700 ## - ADDED ENTRY--PERSONAL NAME
Personal name Panikkar A.O.N.
700 ## - ADDED ENTRY--PERSONAL NAME
Personal name Saraswathy P.
700 ## - ADDED ENTRY--PERSONAL NAME
Personal name Sethuraj M.R.
942 ## - ADDED ENTRY ELEMENTS (KOHA)
Koha item type Bibliography STAF
Holdings
Withdrawn status Lost status Damaged status Not for loan Home library Current library Shelving location Date acquired Serial Enumeration / chronology Koha item type
      Bibliography RRII Library RRII Library Botany 09/04/2014 Volume 9, Issue 1 Bibliography STAF